| 000 | 00515nam a2200205Ia 4500 | ||
|---|---|---|---|
| 003 | OSt | ||
| 005 | 20250424192831.0 | ||
| 008 | 210423s2012 xx 000 0 und d | ||
| 020 | _a9789350516676 | ||
| 040 | _cAL | ||
| 041 | _aeng | ||
| 082 |
_a368 GUPI _223 |
||
| 100 |
_aGUPTA (P K). _992786 |
||
| 245 | _aInsurance and risk management. | ||
| 260 |
_aNew Delhi _bHimalaya Publishing House _c2012 |
||
| 300 |
_a849 _bPB |
||
| 365 |
_b540 _cINR |
||
| 906 | _aInsurance ; management. ; risk | ||
| 942 |
_2ddc _cBK |
||
| 999 |
_c161663 _d161663 |
||